书目信息 |
| 题名: |
图书馆业务自学大全
|
|
| 作者: | 杜克 , 吴慰慈 , 赵厚源 编著 | |
| 分册: | 3 我国图书馆事业建设 | |
| 出版信息: | 吉林省图书馆学会 1981 |
|
| 页数: | 121页 | |
| 开本: | 20cm | |
| 丛书名: | 吉林省图书馆学会丛书 | |
| 单 册: | ||
| 中图分类: | G251.5 | |
| 科图分类: | ||
| 主题词: | 图书馆学 , 图书馆事业 | |
| 电子资源: | ||
| ISBN: | ||
| 000 | 00798nam0 2200241 450 | |
| 001 | 0637542624 | |
| 005 | 20060804103229.09 | |
| 100 | @a20060804d1981 km y0chiy0120 ea | |
| 101 | 0 | @achi |
| 200 | 1 | @a图书馆业务自学大全@A@Fdu ke,wu wei ci,zhao hou yuan bian zhu@f杜克,吴慰慈,赵厚源编著@Atu shu guan ye wu zi xue da quan@h3@i我国图书馆事业建设 |
| 210 | @c吉林省图书馆学会@d1981 | |
| 215 | @a121页@d20cm | |
| 225 | 2 | @a吉林省图书馆学会丛书@h3 |
| 410 | 0 | @12001 @a吉林省图书馆学会丛书 |
| 517 | 1 | @a我国图书馆事业建设@Awo guo tu shu guan shi ye jian she |
| 606 | 0 | @a图书馆学 |
| 606 | 0 | @a图书馆事业 |
| 690 | @aG251.5@v3 | |
| 701 | 0 | @a杜克@Adu ke@4编著 |
| 701 | 0 | @a吴慰慈@Awu wei ci@4编著 |
| 701 | 0 | @a赵厚源@Azhao hou yuan@4编著 |
| 801 | 0 | @aCN@bPFT@c20060804 |
| 905 | @a10447@dG251.5@e11:2 | |
| 图书馆业务自学大全/杜克,吴慰慈,赵厚源编著.3.我国图书馆事业建设.-吉林省图书馆学会,1981 |
| 121页;20cm.-(吉林省图书馆学会丛书.3) |
| ISBN : |
| ● |
| 相关链接 |
|
|
|
|
正题名:图书馆业务自学大全
索取号:G251.5/11:2
 
预约/预借
| 序号 | 登录号 | 条形码 | 馆藏地/架位号 | 状态 | 备注 |
| 1 | 0446878 | 204468780 | 密集书库/ [索取号:G251.5/11:2] | 在馆 | |
| 2 | 0446879 | 204468799 | 密集书库/ [索取号:G251.5/11:2] | 在馆 | |
| 3 | 0446880 | 204468806 | 密集书库/ [索取号:G251.5/11:2] | 在馆 |